Sports Quiz

Random Sports or NFL Quiz

Miami Dolphins Superbowl Appearances Quiz Stats

Quiz not verified by Sporcle

Challenge
Share
Tweet
Embed
Score 0/20 Timer 04:00
0 Plays Today
% Correct
1971
97.1%
Bob Griese
97.1%
Lost
97.1%
Won
95.6%
Won
95.6%
Bob Griese
94.1%
1972
94.1%
1973
94.1%
Bob Griese
94.1%
Redskins
88.2%
% Correct
1982
88.2%
Dan Marino
88.2%
Lost
88.2%
Vikings
86.8%
Lost
86.8%
1984
85.3%
49ers
83.8%
Cowboys
82.4%
Redskins
75%
David Woodley
57.4%

You're not logged in!

Compare scores with friends on all Sporcle quizzes.
Join for Free
OR
Log In

You Might Also Like...

Show Comments

Extras

Top Quizzes Today


Score Distribution

Your Account Isn't Verified!

In order to create a playlist on Sporcle, you need to verify the email address you used during registration. Go to your Sporcle Settings to finish the process.

Report this User

Report this user for behavior that violates our Community Guidelines.

Details: